00783nam a2200241 a 4500001001300000003000900013005001700022008004100039020002400080082001600104100002200120245002700142260004200169300000900211500003500220650002000255700002200275902000800297942000700305952011400312952009800426999001700524nice12345678IN_TiNIC20260116014630.0070307s2001 newa grp 000 0 eng  a8177551604 c125000a294.55bSAS aSastri, Gaurinath aIntroduction to Tantra aNew Delhi bCosmo Publications c2001 a336p aincludes index and biblioraphy aTantra-Hinduism1 aSastri, Gaurinath bSRS cBK 00104070aHMIbHMId2019-03-14g1250.00l1m1o294.55 SAS p021970r2019-03-20s2019-02-18w2026-01-16yBK 00104070aHMIbHMId2019-03-14g1250.00l0o294.55 SASp021971r0000-00-00w2026-01-16yBK c16310d16310